000 00535nam a2200229Ia 4500
003 IT-RoPAU
008 120407s9999 xx 000 0 und d
040 _aIT-RoPAU
040 _cIT-RoPAU
041 _afra
100 _aOmbline de La Villéon
245 _aLa Congrégation des Petites Soeurs des Pauvres.
250 _aParis
260 _aGrasset
260 _c1956
300 _a282 p.
300 _c19 cm
490 _aGrands ordres monastiques et instituts religieux
490 _v1
942 _cBK
999 _c31377
_d31377